[Event "Michigan Amateur op"]
[Site "Kalamazoo"]
[Date "2004.10.23"]
[Round "1"]
[White "Jarosz, Stanley J Jr"]
[Black "Mihelich, John"]
[Result "1-0"]
[WhiteElo "1993"]
[BlackElo "1367"]
[PlyCount "69"]
[EventDate "2004.10.23"]
[EventType "swiss"]
[EventRounds "5"]
[EventCountry "USA"]
[SourceTitle "EXT 2007"]
[Source "ChessBase"]
[SourceDate "2006.11.23"]
[SourceVersion "1"]
[SourceVersionDate "2006.11.23"]
[SourceQuality "1"]

1. d4 d5 2. c4 e6 3. Nc3 Nf6 4. Bg5 Be7 5. e3 h6 6. Bxf6 Bxf6 7. cxd5 exd5 8. Bd3 Nc6 9. a3 0-0 10. Qc2 Be6 11. Nge2 Re8 12. 0-0 a6 13. Nf4 Qd6 14. Nxe6 Rxe6 15. Qb3 Rd8 16. Qxb7 Qe7 17. Qb3 Red6 18. Na4 Bg5 19. Nc5 Bxe3 20. fxe3 Qxe3+ 21. Kh1 Qxd4 22. Nxa6 Ne5 23. Rad1 Kh8 24. Qb4 Qa7 25. Nc5 c6 26. Nb7 Ng4 27. Nxd6 Nf2+ 28. Rxf2 Qxf2 29. Rf1 Qe3 30. Nxf7+ Kg8 31. Nxd8 Qxd3 32. Qf8+ Kh7 33. Ne6 Qg6 34. Qe7 h5 35. Nf8+ 1-0

[Event "Lansing op"]
[Site "Lansing"]
[Date "2004.09.03"]
[Round "1"]
[White "La Forge, Thomas"]
[Black "Jarosz, Stanley J Jr"]
[Result "1-0"]
[WhiteElo "1821"]
[BlackElo "1994"]
[PlyCount "102"]
[EventDate "2004.09.03"]
[EventType "swiss"]
[EventRounds "7"]
[EventCountry "USA"]
[SourceTitle "EXT 2007"]
[Source "ChessBase"]
[SourceDate "2006.11.23"]
[SourceVersion "1"]
[SourceVersionDate "2006.11.23"]
[SourceQuality "1"]

1. e4 c5 2. Nf3 e6 3. d4 cxd4 4. Nxd4 a6 5. Bd3 Nc6 6. Nxc6 dxc6 7. 0-0 e5 8. Kh1 Nf6 9. Nc3 Bc5 10. Bg5 h6 11. Bh4 g5 12. Bg3 Qe7 13. Qe2 Bg4 14. Qe1 Nh5 15. Be2 Nxg3+ 16. fxg3 h5 17. Nd1 0-0-0 18. Nf2 Bxe2 19. Qxe2 g4 20. Nd3 Bb6 21. Rf5 f6 22. Rxh5 Qg7 23. Rh4 Rxh4 24. gxh4 g3 25. Qf3 gxh2 26. Kxh2 Qh6 27. g3 c5 28. b3 c4 29. bxc4 Qd2+ 30. Qg2 Qc3 31. Rf1 Rf8 32. c5 Bxc5 33. Nxc5 Qxc5 34. h5 Qc4 35. a3 Kb8 36. g4 Qf7 37. Qf3 Qg7 38. Kh3 Qg5 39. Qe2 Rc8 40. c4 Rc6 41. Qd3 Qg8 42. Rf5 Qf8 43. g5 Rd6 44. Qf3 Qd8 45. Kg4 Rd3 46. Qf2 Rd2 47. Qf3 Rd3 48. Qg2 fxg5 49. Rxg5 Qd7+ 50. Kh4 Qe7 51. Qh2 Qxa3 1-0

[Event "Michigan Senior"]
[Site "Flint"]
[Date "2004.06.13"]
[Round "4"]
[White "Jarosz, Stanley J Jr"]
[Black "Bailey, Gregory E"]
[Result "0-1"]
[WhiteElo "1999"]
[BlackElo "1908"]
[PlyCount "152"]
[EventDate "2004.06.12"]
[EventType "swiss"]
[EventRounds "4"]
[EventCountry "USA"]
[SourceTitle "EXT 2008"]
[Source "ChessBase"]
[SourceDate "2007.11.25"]
[SourceVersion "1"]
[SourceVersionDate "2007.11.25"]
[SourceQuality "1"]

1. d4 Nf6 2. c4 g6 3. Nc3 Bg7 4. Nf3 0-0 5. g3 d6 6. Bg2 Na6 7. 0-0 c5 8. e4 cxd4 9. Nxd4 Nd7 10. h3 Re8 11. Be3 Nac5 12. Qd2 Ne6 13. Nde2 Ne5 14. b3 Bd7 15. Rac1 Bc6 16. f4 Nd7 17. b4 b6 18. Nd5 Rc8 19. f5 Nef8 20. Nd4 Ne5 21. Nxc6 Rxc6 22. Qe2 Nfd7 23. Rc2 Qc8 24. Rfc1 Qb7 25. Kh2 e6 26. fxe6 fxe6 27. Nf4 Nf8 28. Nd3 Rec8 29. Nxe5 Bxe5 30. Bh6 Qe7 31. Qg4 b5 32. Bxf8 Kxf8 33. c5 Qc7 34. Qxe6 dxc5 35. Rf1+ Kg7 36. Qg4 cxb4 37. Rxc6 Qxc6 38. Rd1 Rc7 39. Rd5 Qe8 40. Qg5 Bf6 41. Qf4 Re7 42. e5 Rxe5 43. Rxe5 Qxe5 44. Qxe5 Bxe5 45. Bc6 h5 46. Kg2 a6 47. Kf3 g5 48. g4 h4 49. Ke4 Kf6 50. Kd5 Bc7 51. Be8 Ke7 52. Bc6 Bd6 53. Ke4 Kd8 54. Kd5 Kc7 55. Be8 Be7 56. Bg6 Kb6 57. Bd3 Bc5 58. Bc2 Bf2 59. Bd1 a5 60. Bc2 a4 61. Bf5 b3 62. axb3 axb3 63. Bb1 Ka5 64. Ke4 Kb4 65. Kd3 Be1 66. Ke2 Bg3 67. Bd3 Bf4 68. Kd1 Kc3 69. Bb1 Kb2 70. Bd3 b4 71. Bc4 Kc3 72. Bf7 b2 73. Bg6 b3 74. Ke2 b1Q 75. Bxb1 Kb2 76. Bg6 Kc1 0-1

[Event "Michigan Senior"]
[Site "Flint"]
[Date "2004.06.12"]
[Round "2"]
[White "Jarosz, Stanley J Jr"]
[Black "Matias, IC."]
[Result "1-0"]
[WhiteElo "1999"]
[BlackElo "1796"]
[PlyCount "59"]
[EventDate "2004.06.12"]
[EventType "swiss"]
[EventRounds "4"]
[EventCountry "USA"]
[SourceTitle "EXT 2008"]
[Source "ChessBase"]
[SourceDate "2007.11.25"]
[SourceVersion "1"]
[SourceVersionDate "2007.11.25"]
[SourceQuality "1"]

1. d4 d5 2. c4 c6 3. Nf3 Nf6 4. Nc3 e6 5. e3 Nbd7 6. Bd3 dxc4 7. Bxc4 b5 8. Bd3 Bb7 9. 0-0 Be7 10. e4 b4 11. Na4 c5 12. Nxc5 Nxc5 13. dxc5 Bxc5 14. Bb5+ Kf8 15. e5 Nd5 16. Bd2 Qb6 17. Be2 h6 18. Rc1 Ke7 19. Ne1 a5 20. Bd3 Rhd8 21. Qg4 Rac8 22. Qxg7 Rg8 23. Qxh6 Nf4 24. Bxf4 Qc6 25. Qh3 Rh8 26. Bg5+ Kd7 27. Qf3 Qxf3 28. Nxf3 Rhg8 29. Bb5+ Bc6 30. Rfd1+ 1-0

[Event "Michigan Senior"]
[Site "Flint"]
[Date "2004.06.12"]
[Round "1"]
[White "Moore, Robert"]
[Black "Jarosz, Stanley J Jr"]
[Result "0-1"]
[WhiteElo "1651"]
[BlackElo "1999"]
[PlyCount "70"]
[EventDate "2004.06.12"]
[EventType "swiss"]
[EventRounds "4"]
[EventCountry "USA"]
[SourceTitle "EXT 2008"]
[Source "ChessBase"]
[SourceDate "2007.11.25"]
[SourceVersion "1"]
[SourceVersionDate "2007.11.25"]
[SourceQuality "1"]

1. e4 c5 2. Nf3 e6 3. d4 cxd4 4. Nxd4 a6 5. a3 Nf6 6. Nc3 Qc7 7. Be2 Nc6 8. 0-0 Nxd4 9. Qxd4 Bd6 10. h3 Bc5 11. Qd1 h6 12. Bf3 0-0 13. Qe2 e5 14. Be3 d6 15. Bxc5 Qxc5 16. Rad1 Be6 17. Qd2 Rfd8 18. Rfe1 Rac8 19. Qe3 Qc6 20. Be2 b5 21. Bd3 Bc4 22. Bxc4 Qxc4 23. Qb6 Qc6 24. Qa5 Rd7 25. Rd2 d5 26. exd5 Nxd5 27. Nxd5 Rxd5 28. Rxd5 Qxd5 29. Qxa6 Rxc2 30. b4 e4 31. Qa7 f5 32. Qb8+ Kh7 33. Qb6 f4 34. Qb8 e3 35. f3 Qd2 0-1

[Event "Kalamazoo op"]
[Site "Kalamazoo"]
[Date "2003.10.26"]
[Round "5.1"]
[White "Jarosz, Stanley J Jr"]
[Black "Garrison, Ray"]
[Result "0-1"]
[WhiteElo "1984"]
[BlackElo "1842"]
[PlyCount "106"]
[EventDate "2003.10.25"]
[EventType "swiss"]
[EventRounds "5"]
[EventCountry "USA"]
[SourceTitle "EXT 2007"]
[Source "ChessBase"]
[SourceDate "2006.11.23"]
[SourceVersion "1"]
[SourceVersionDate "2006.11.23"]
[SourceQuality "1"]

1. d4 d6 2. Nf3 f5 3. Bf4 g6 4. c3 Bg7 5. e3 Nc6 6. h3 Bd7 7. Bc4 e5 8. Bh2 e4 9. Nfd2 Nf6 10. a4 Qe7 11. a5 Be6 12. Qb3 Bxc4 13. Qxc4 Qf7 14. Qb5 Rb8 15. a6 Qd5 16. Qxd5 Nxd5 17. axb7 Rxb7 18. b4 Kd7 19. Nb3 a5 20. Nxa5 Ra8 21. Nb3 Rxa1 22. Nxa1 Ra7 23. Nc2 Ra2 24. Kd1 Na7 25. c4 Nxb4 26. Nxb4 Rb2 27. Nd2 Rxb4 28. Kc2 c5 29. Ra1 Nc6 30. Ra8 cxd4 31. exd4 Bxd4 32. g4 Bxf2 33. Rh8 Nd4+ 34. Kc3 e3 35. Rxh7+ Ke6 36. gxf5+ gxf5 37. Rh6+ Kf7 38. Bxd6 exd2 39. Kxd2 Rxc4 40. Kd3 Rc6 41. Rh7+ Kg6 42. Rd7 Ne6 43. Be7 Nc5+ 44. Bxc5 Rxc5 45. Ke2 Bg3 46. Kf3 f4 47. h4 Rh5 48. Rd6+ Kf7 49. Kg4 Rxh4+ 50. Kg5 Ke7 51. Ra6 f3 52. Ra1 f2 53. Rf1 Ke6 0-1

[Event "Detroit op1"]
[Site "Detroit"]
[Date "2003.05.18"]
[Round "4"]
[White "Jarosz, Stanley J Jr"]
[Black "Sobh, Hassan M"]
[Result "1-0"]
[WhiteElo "2010"]
[BlackElo "1829"]
[PlyCount "121"]
[EventDate "2003.05.17"]
[EventType "swiss"]
[EventRounds "5"]
[EventCountry "USA"]
[SourceTitle "EXT 2007"]
[Source "ChessBase"]
[SourceDate "2006.11.23"]
[SourceVersion "1"]
[SourceVersionDate "2006.11.23"]
[SourceQuality "1"]

1. d4 Nf6 2. c4 e5 3. dxe5 Ng4 4. Nf3 Nc6 5. e3 Ngxe5 6. Be2 d6 7. 0-0 Be6 8. b3 Qf6 9. Qd2 Nxf3+ 10. Bxf3 Qxa1 11. Nc3 Be7 12. Bb2 Qxf1+ 13. Kxf1 0-0 14. Nb5 Rfc8 15. Bxc6 bxc6 16. Nd4 Bd7 17. Ne2 Rab8 18. Ng3 Be6 19. Nh5 f6 20. Qd4 Bf7 21. g4 c5 22. Qe4 Re8 23. Qf4 Bd8 24. Bc3 Rb6 25. Ng3 Ra6 26. h4 Rxa2 27. g5 fxg5 28. hxg5 Rc2 29. Be1 Bg6 30. Nf5 Bxf5 31. Qxf5 Rb2 32. Qd5+ Kh8 33. Qf7 Rg8 34. g6 h6 35. Ba5 Rxb3 36. Bxc7 Bxc7 37. Qxc7 Rgb8 38. Qxd6 a5 39. Qc6 R3b4 40. Qxc5 a4 41. Qa7 Rc8 42. c5 Rc4 43. Qd7 R4xc5 44. Qxa4 R5c6 45. Qe4 Rd6 46. Kg2 Kg8 47. f4 Rdc6 48. f5 Rf6 49. Qe5 Rcf8 50. e4 Kh8 51. Qe7 Kg8 52. Qd7 Kh8 53. Kg3 Ra8 54. e5 Rb6 55. f6 Ra3+ 56. Kf4 Rb4+ 57. Kf5 Rf3+ 58. Ke6 Rb6+ 59. Ke7 Rb8 60. f7 Re3 61. Qe8+ 1-0